000 00712nam a22002417a 4500
003 UA-OsUOA
001 50785
007 ta
008 20140626b un ||||| |||| 00| 0 ukr d
100 _aШпилька О.
090 _a82-3
_bШ83
942 _cBK
040 _aUA-OsUOA
_bukr
_cUA-OsUOA
_dUA-OsUOA
245 _aІ сміх, і горе... (вибрані фейлетони)
300 _a122 с.
955 _a3
041 _aukr
080 _a82-3
260 _aНімеччина
_c1959
650 7 _a82 Література. Літературознавство
_2UDC
999 _c430914
_d430914